Entry Konu Terimi
001 - KONTROL NUMARASI
- Kontrol alanı: 88574
003 - KONTROL NUMARASI KİMLİĞİ
- Kontrol alanı: TR-BiSEU
005 - SON İŞLEM TARİHİ VE ZAMANI
- Kontrol alanı: 20260207003612.0
008 - SABİT UZUNLUKTAKİ VERİ ÖGELERİ - GENEL BİLGİ
- Sabit uzunlukta kontrol alanı: 260207|| aca||aabn | a|a d
040 ## - KATALOGLAMA KAYNAĞI
- Özgün kataloglama kurumu: TR-BiSEU
- Çeviri kurumu: TR-BiSEU
150 ## - KONU BAŞLIKLARI - KONU TERİMİ
- Konu terimi: Kültür ve Kurumlar
670 ## - BİLGİNİN KAYNAĞI
- Bilginin alındığı kaynak: KOHA: (TR-BiSEU)48056: Uluslararası Merv'den Söğüte'e Türk Tarihi, Kültürü ve Medeniyeti Sempozyumu (2014 : Bilecik) 88571, Uluslararası Merv'den Söğüt'e Türk tarihi, kültürü ve medeniyeti sempozyumu :
